Yeni gündem (Record no. 11421)

MARC details
000 -BAŞLIK
Sabit Uzunlukta Kontrol Alanı 00989na a2200289 4500
001 - KONTROL NUMARASI
Denetim Alanı 22261
003 - KONTROL NUMARASI IDENTIFIER
Denetim Alanı MIRAKIL
005 - SON İŞLEM TARİHİ VE ZAMANI
Denetim Alanı 20181226092844.0
008 - SABİT-BOY VERİ ELEMANLARI - GENEL BİLGİLER
Sabit Uzunlukta Kontrol Alanı 170212b tu n0 0 0
035 ## - SİSTEM KONTROL NUMARASI
Sistem Kontrol Numarası 20919
040 ## - KATALOGLAMA KAYNAK
Orijinal Kataloglama Ajansı Milas
Kataloglama Dili tur
Metne Dönüştürmek Ajansı TR-AnCHP
041 ## - DİL KODU
Metin / Ses Parça Veya Ayrı Başlığın Dil Kodu tur
090 ## - SINIFLAMA NUMARASI
Sınıflama Numarası 050 DER 55
222 ## - ANAHTAR ADI
Anahtar Başlık Yeni gündem
245 ## - BAŞLIK TABLOSU
Başlık Yeni gündem
260 ## - YAYIN, DAĞITIM, VB
Yayın, Dağıtım, Vb Yeri İstanbul
Yayıncı, Dağıtıcı, Vs Adı İletişim
Yayın, Dağıtım, Vb Tarihi 1984-1988
300 ## - FİZİKSEL TANIM
Kapsam 7 c.
Diğer Fiziksel Ayrıntıları res.
Boyutlar 28 sm.
321 ## - ESKİ YAYIN FREKANSI
Eski Yayın Frekansı 2 haftada bir kez
-- 1 Mayız 1984 - 9 Mart 1986
362 ## - YAYIN VE / VEYA SIRALI GÖREVLENDİRİLMESİNE TARİHLERİ
Yayın Ve / Veya Ardışık Kullanım Amacı Tarihleri yıl 2, sayı 1 (10-16 Mart 1986)- yıl 4, sayı 96 (3 Ocak 1988)
500 ## - GENEL NOT
Genel Not Mevcut sayılar: (1-13) Mart 1986; (14-26)Haziran 1986; (27-39)Eylül 1986;(40-52)Aralık 1986; (53-66)Mart 1987; (67-79)Haziran 1987; (80-96)Eylül 1987
650 ## - KONU KATMA GİRİŞ - TOPİKAL DÖNEM
Topikal Süreli Veya Coğrafi Ad Giriş Elemanı Siyaset ve yönetim
Form Alt Bölümü Süreli yayınlar
Genel Alt Bölümü Aktüalite
Coğrafi Alt Bölümü Türkiye
650 ## - KONU KATMA GİRİŞ - TOPİKAL DÖNEM
Topikal Süreli Veya Coğrafi Ad Giriş Elemanı Gazetecilik
Form Alt Bölümü Süreli yayınlar
Coğrafi Alt Bölümü Türkiye
710 ## - KATMA GİRİŞ - KURUMSAL ADI
Giriş Elemanı Olarak Kurumsal Ad Veya Yargı Alanı Adı İletişim Yayınları
910 ## - KULLANICI SEÇENEK, VERİLERİN (OCLC)
Kullanıcı Seçenek Veri DERGİ 55
942 ## - EKLENDİ GİRİŞ ELEMANLARI (KOHA)
Sınıflandırma Veya Raf Düzeni Kaynak Dewey Decimal Classification
Koha Öğesi Türü Serials
999 ## - SİSTEM KONTROL NUMARALARI (KOHA)
Koha Biblionumber 11421
Koha Biblioitemnumber 11421
310 ## - MEVCUT YAYIN FREKANSI
Güncel Yayın Frekansı Haftalık
Holdings
Kullanım Kısıtlamaları Kalıcı Konum Mevcut Konum Edinme Tarihi Kodlu Konum Eleme Toplam Check-Out'Lar Tam Çağrı Numarası Barkod Tarih Son Görülme İtibaren Geçerli Fiyatlar Sigara Kamu Notu Koha Öğesi Türü
Kütüphane dışına çıkarılamaz CHP Kütüphanesi CHP Kütüphanesi 02/12/2017 SÜRELİ YAYINLAR   050 DER 170 D055 02/12/2017 02/12/2017 Serials